000 01152nam a2200301 c 4500
003 BLK
005 20180422113916.0
008 180410b bul|||||r ||||||| ||bul||
010 _aKNG00170666000
040 _aBLK
041 _aBUL
_cBUL
080 _aБългарска литература
_b821.163.2
_x-1
_z821.163.2-1
100 1 _aВазов, Иван Минчов
_eпърви автор
_9363396
700 1 _aЦанева, Милена
_eпод ред. на
_9369298
139 _aВазов, Иван Минчов
_bВ 15
245 1 0 _aСтихотворения
_cИван Минчов Вазов; под ред. на Милена Цанева.
257 _aBGR
260 София
_bБълг. писател
_c1968
300 _a408 с., 1 л.
_bпортр.
_c18 см
380 _aX
490 1 _aБиблиотека Български писатели
500 _a22 200 тир.
852 _aЦб I 9958
856 4 _qpdf
_u
856 4 _qpdf
_u
942 _cKNG
_n0
_01
944 _aCR
_c31.01.2015
_l31.01.2015 - от С1,Р / 31.01.2015
_kЛюбка_Николова
944 _aED
_c21.09.2017
_l31.01.2015 - от С1,Р / 31.01.2015
_kВася_Ганчева
999 _c163261
_d163261